Giáo trình tin học căn bản

Salvato in:
Dettagli Bibliografici
Autore principale: Quách, Tuấn Ngọc
Natura: Libro
Lingua:Undetermined
Pubblicazione: Hà Nội Giáo dục 1997
Soggetti:
Tags: Aggiungi Tag
Nessun Tag, puoi essere il primo ad aggiungerne! !
Thư viện lưu trữ: Trung tâm Học liệu Trường Đại học Cần Thơ
LEADER 00597nam a2200193Ia 4500
001 CTU_148964
008 210402s9999 xx 000 0 und d
082 |a 005.3 
082 |b Ng419 
100 |a Quách, Tuấn Ngọc 
245 0 |a Giáo trình tin học căn bản 
245 0 |c Quách Tuấn Ngọc 
260 |a Hà Nội 
260 |b Giáo dục 
260 |c 1997 
650 |a Phần mềm văn phòng,Office software 
650 |x Chương trình máy tính,Computer programs 
904 |i Tuyến 
980 |a Trung tâm Học liệu Trường Đại học Cần Thơ